000
00240nam a22000857a 4500
008
160708b xxu||||| |||| 00| 0 eng d
100
_9
2409
_a
Singhal A
245
_a
How to become a Human Calculator
260
_a
New Delhi
_b
S Chand Publication
_c
2012
999
_c
2084
_d
2084